|
|
|
|
| LEADER |
00000nam a22000007a 4500 |
| 005 |
2011090607417.0 |
| 008 |
110906t2004 mx ||||s|||| 00| 0 spa d |
| 020 |
|
|
|a 970-665-173-X
|
| 035 |
|
|
|a 5614
|
| 040 |
|
|
|a vLex
|
| 090 |
|
|
|c 2386
|d 2386
|
| 100 |
1 |
|
|a Mňdez Ladrn̤ de Guevara, Maricruz
|
| 245 |
1 |
0 |
|a Contribuciones y aprovechamientos derivados del Comercio Exterior
|h [Recurso electrn̤ico] /
|c Maricruz Mňdez Ladrn̤ de Guevara
|
| 256 |
|
|
|a Servicio en ln̕ea.
|
| 260 |
|
|
|a [Mx̌ico] :
|b Instituto Mexicano de Contadores Pb︢licos,
|c 2004.
|
| 300 |
|
|
|a 1 recurso electrn̤ico
|
| 500 |
|
|
|a Esta obra se presenta como una alternativa dirigida a los empresarios, estudiantes, despachos y profesionales de la contadura̕ y del comercio interesados en efectuar operaciones de compraventa con el extranjero. Su objetivo es promover la preparacin̤ continua de los involucrados en el m̀bito comercial, en relacin̤ con las disposiciones y reformas que en materia aduanera y fiscal determinan, en Mx̌ico el valor de las mercanca̕s suceptibles de ser intercambiadas.
|
| 506 |
1 |
|
|a Contenido solo disponible en los productos indicados
|d vLex Global
|d vLex Global (Academic Edition, excluding Law Schools)
|d vLex Global (U.S. Academic Edition, Law Schools)
|d vLex Global (U.S. Academic Edition, excluding Law Schools)
|d vLex Global (Academic Edition, Law Schools)
|
| 650 |
0 |
4 |
|a Comercio internacional
|z Mx̌ico
|
| 710 |
2 |
|
|a Instituto Mexicano de Contadores Pb︢licos
|
| 740 |
0 |
|
|a vLex Libros (Servicio en ln̕ea)
|
| 856 |
4 |
0 |
|u http://vlex.com/source/contribuciones-aprovechamientos-comercio-exterior-5614
|z Acceso restringido
|
| 942 |
|
|
|c BOOK
|